00482 a2200181 4500001000700000040002200007041001600029082001900045100001700064245002100081260003100102300000700133362001300140697002400153942000700177952009700184999001900281145636 cLeonardo Da Vinci aPortuguês aI L111pbL111p aLAGO, Angela aUma palavra só bModernac2002aSão Paulo a31 a20020000 aLiteratura infantil cBK 00104070a71.1b71.1d2024-03-27l0oI L111ppO016765r2024-03-27 22:50:19w2024-03-27yBK c145636d145636